Normal view
MARC view
Entry Personal Name
001 - CONTROL NUMBER
- control field: 560747
003 - CONTROL NUMBER IDENTIFIER
- control field: OSt
005 - DATE AND TIME OF LATEST TRANSACTION
- control field: 20220930192003.0
008 - FIXED-LENGTH DATA ELEMENTS
- fixed length control field: 220930|| aca||aabn | a|a d
040 ## - CATALOGING SOURCE
- Original cataloging agency: OSt
- Transcribing agency: OSt
100 ## - HEADING--PERSONAL NAME
- Personal name: Chowdhary Debashish
670 ## - SOURCE DATA FOUND
- Source citation: Work cat.: (OSt)894637: Chowdhary Debashish, Study of artial and venticular arrhythmias in asymptomatic active elderly Indian subjects and their correlation with left atrial size and left ventricular mass, 1992
